KOHA-Header-6

OPERATIONS RESEARCH (Record no. 13813)

000 -LEADER
fixed length control field 00280nam a22001217a 4500
020 ## - INTERNATIONAL STANDARD BOOK NUMBER
ISBN 9789692102940
082 ## - DEWEY DECIMAL CLASSIFICATION NUMBER
Classification number 001.42
100 ## - MAIN ENTRY--AUTHOR NAME
Personal name DR. M.M.A FEEROZE
245 ## - TITLE STATEMENT
Title OPERATIONS RESEARCH
260 ## - PUBLICATION, DISTRIBUTION, ETC. (IMPRINT)
Place of publication Karachi
Name of publisher PARAMOUNT BOOKS (PVT) LTD
Year of publication 2021
300 ## - PHYSICAL DESCRIPTION
Number of Pages 274 pages
942 ## - ADDED ENTRY ELEMENTS (KOHA)
Koha item type Books
Holdings
Withdrawn status Lost status Collection code Permanent Location Current Location Shelving location Date acquired Full call number Accession Number Koha item type
    Business MAJU MAJU Shelf No.A-1 2023-10-28 001.42 10914 Books

Powered by Koha